000 00634nam a2200217 a 4500
005 20140310183457.0
008 091127s19uu xx 00 eng d
020 _a9780470456491
050 _aNA 2728
_b.D455 2009
100 _aDemchak, Greg
245 _aMastering Revit architecture 2010.
260 _aU.S.A :
_bWiley Publishing, Inc,
_c2009.
300 _a768 p. :
_bill. ;
_c25 cm.
521 _aIT
650 _aArchitectural drawing
_xComputer aided design.
650 _aArchitectural design
_xData processing.
700 _aDzambazova, Tatjana
700 _aKrygiel, Eddy
942 _cBK
_2lcc
_kFOR
999 _c23653
_d23653